Top #100 Footballers Of All Time - Statistics

General Stats
  • This quiz has been taken 242 times
  • The average score is 45 of 100
Answer Stats
Position - Primary Club - Nationality - Jersey # Answer % Correct
Forward - Barcelona - Argentina - #10 Lionel Messi
100%
Forward - Real Madrid - Portugal - #7 Cristiano Ronaldo
99%
Attacking Midfielder - Napoli - Argentina - #10 Diego Maradona
93%
Forward - Santos - Brazil - #10 Pelé
93%
Attacking Midfielder - Real Madrid - France - #5 Zinedine Zidane
90%
Forward - Ajax - Netherlands - #14 Johan Cruyff
84%
Defender - AC Milan - Italy - #3 Paolo Maldini
82%
Midfielder - Barcelona - Spain - #8 Andrés Iniesta
79%
Forward - Arsenal - France - #14 Thierry Henry
79%
Forward - Bayern Munich - Germany - #13 Gerd Müller
78%
Forward - Real Madrid - Hungary - #10 Ferenc Puskás
77%
Attacking Midfielder - Barcelona - Brazil - #10 Ronaldinho
76%
Goalkeeper - Juventus - Italy - #1 Gianluigi Buffon
75%
Goalkeeper - Dynamo Moscow - Soviet Union - #1 Lev Yashin
75%
Defender/Midfielder - Bayern Munich - Germany - #5 Franz Beckenbauer
74%
Forward - Real Madrid - Argentina/Spain - #9 Alfredo Di Stéfano
71%
Forward - Inter Milan - Brazil - #9 Ronaldo Nazário
69%
Midfielder - Real Madrid - Croatia - #10 Luka Modrić
68%
Goalkeeper - Bayern Munich - Germany - #1 Oliver Kahn
68%
Winger - Manchester United - Northern Ireland - #7 George Best
67%
Forward - AC Milan - Netherlands - #9 Marco van Basten
67%
Defender - Bayern Munich - Germany - #21 Philipp Lahm
67%
Forward - Manchester United - England - #10 Wayne Rooney
67%
Forward - Benfica - Portugal - #10 Eusébio
64%
Attacking Midfielder - Juventus - France - #10 Michel Platini
64%
Goalkeeper - Real Madrid - Spain - #1 Iker Casillas
61%
Midfielder - Liverpool - England - #8 Steven Gerrard
61%
Midfielder - Manchester United - England - #7 David Beckham
60%
Midfielder - Chelsea - England - #8 Frank Lampard
60%
Winger - Botafogo - Brazil - #7 Garrincha
60%
Midfielder - AC Milan - Netherlands - #10 Ruud Gullit
60%
Winger - Manchester United - Wales - #11 Ryan Giggs
60%
Forward - Paris Saint-Germain - France - #7 Kylian Mbappé
59%
Midfielder - Manchester United - England - #18 Paul Scholes
59%
Forward - Juventus - Italy - #10 Alessandro Del Piero
57%
Midfielder - AC Milan - Italy - #21 Andrea Pirlo
57%
Midfielder - Barcelona - Spain - #5 Sergio Busquets
56%
Forward - Chelsea - Ivory Coast - #11 Didier Drogba
55%
Forward - Barcelona - Cameroon - #9 Samuel Eto'o
55%
Forward - Barcelona - Brazil - #10 Rivaldo
54%
Defender - Real Madrid - Brazil - #3 Roberto Carlos
54%
Midfielder - Manchester United - England - #9 Bobby Charlton
53%
Forward - Manchester United - France - #7 Eric Cantona
52%
Forward - Arsenal - Netherlands - #10 Dennis Bergkamp
51%
Defender - Real Madrid - Italy - #5 Fabio Cannavaro
51%
Forward - Real Madrid - Spain - #7 Raúl González
51%
Defender - Real Madrid - Spain - #4 Sergio Ramos
51%
Defender - AC Milan - Italy - #6 Franco Baresi
50%
Forward - Liverpool - Scotland - #7 Kenny Dalglish
50%
Forward - Barcelona - Bulgaria - #8 Hristo Stoichkov
49%
Midfielder - Manchester United - Ireland - #16 Roy Keane
49%
Midfielder - Barcelona - Spain - #6 Xavi Hernández
48%
Defender - AC Milan - Italy - #13 Alessandro Nesta
47%
Defender - AS Roma - Brazil - #2 Cafu
47%
Midfielder - Juventus - Czech Republic - #11 Pavel Nedvěd
47%
Goalkeeper - Manchester United - Denmark - #1 Peter Schmeichel
46%
Forward - Juventus - Italy - #10 Roberto Baggio
46%
Midfielder - Bayern Munich - Germany - #10 Lothar Matthäus
45%
Forward - PSV Eindhoven - Brazil - #11 Romário
44%
Midfielder - Arsenal - France - #4 Patrick Vieira
43%
Defender - Barcelona - Brazil - #2 Dani Alves
42%
Forward - Manchester United - Netherlands - #10 Ruud van Nistelrooy
42%
Attacking Midfielder - Flamengo - Brazil - #10 Zico
40%
Defender - Inter Milan - Argentina - #4 Javier Zanetti
37%
Midfielder - Barcelona - Denmark - #10 Michael Laudrup
37%
Midfielder - Corinthians - Brazil - #8 Sócrates
37%
Midfielder - AC Milan - Netherlands - #10 Clarence Seedorf
34%
Midfielder - AC Milan - Netherlands - #3 Frank Rijkaard
34%
Forward - Real Madrid - Mexico - #9 Hugo Sánchez
32%
Winger - Botafogo - Brazil - #7 Jairzinho
31%
Goalkeeper - Juventus - Italy - #1 Dino Zoff
28%
Forward - Bayern Munich - Germany - #11 Karl-Heinz Rummenigge
25%
Goalkeeper - Stoke City - England - #1 Gordon Banks
23%
Midfielder - Bayern Munich - Germany - #13 Michael Ballack
23%
Forward - Reims - France - #9 Just Fontaine
21%
Defender/Midfielder - Borussia Dortmund - Germany - #6 Matthias Sammer
21%
Midfielder - Real Madrid - France - #10 Raymond Kopa
21%
Forward - Liverpool - England - #7 Kevin Keegan
19%
Defender - Santos - Brazil - #4 Carlos Alberto Torres
17%
Winger - Stoke City - England - #7 Stanley Matthews
17%
Forward - Inter Milan - Italy - #9 Giuseppe Meazza
14%
Midfielder - Botafogo - Brazil - #8 Didi
13%
Midfielder - AC Milan - Italy - #10 Gianni Rivera
13%
Goalkeeper - Bayern Munich - Germany - #1 Sepp Maier
13%
Defender - Wolverhampton - England - #6 Billy Wright
11%
Midfielder - Corinthians - Brazil - #11 Rivelino
11%
Forward - Tottenham Hotspur - England - #8 Jimmy Greaves
10%
Forward/Defender - Juventus - Wales - #9 John Charles
10%
Defender - Botafogo - Brazil - #6 Nilton Santos
10%
Defender - Botafogo - Brazil - #6 Nílton Santos
10%
Forward - Barcelona - Hungary - #9 Sándor Kocsis
10%
Forward - Everton - England - #9 Dixie Dean
9%
Defender - Juventus - Italy - #6 Gaetano Scirea
9%
Defender - Inter Milan - Italy - #3 Giacinto Facchetti
9%
Forward - Juventus - Argentina/Italy - #10 Omar Sívori
8%
Defender/Midfielder - Bayern Munich - Germany - #3 Paul Breitner
8%
Midfielder - Kaiserslautern - Germany - #10 Fritz Walter
5%
Midfielder - Borussia Mönchengladbach - Germany - #10 Günter Netzer
5%
Midfielder - Inter Milan - Spain - #10 Luis Suárez Miramontes
3%
Midfielder - Peñarol - Uruguay - #5 Obdulio Varela
3%
No matching quizzes found
Score Distribution
Percent of People with Each Score
Percentile by Number Answered
Your Score History
You have not taken this quiz